Normal view
MARC view
Entry Personal Name
001 - CONTROL NUMBER
- control field: 34661
003 - CONTROL NUMBER IDENTIFIER
- control field: ARRUPE
005 - DATE AND TIME OF LATEST TRANSACTION
- control field: 20170809115945.0
008 - FIXED-LENGTH DATA ELEMENTS
- fixed length control field: 170809|| aca||aabn | a|a d
040 ## - CATALOGING SOURCE
- Original cataloging agency: ARRUPE
- Transcribing agency: ARRUPE
100 ## - HEADING--PERSONAL NAME
- Personal name: Chirikure, Chirikure.
670 ## - SOURCE DATA FOUND
- Source citation: Work cat.: (ARRUPE)0: Chirikure, Chirikure., Rukuvhute :, 1989.